Z jakiego kraju pochodzi ten zespół/wykowca? #3 - Statystyki

Ogólne statystyki
  • Ten quiz został rozwiązany 16 razy
  • Średni wynik to 13 z 28
Statystyki odpowiedzi
Nazwa zespołu/wykonawca Kraj pochodzenia % Poprawnych
Kylie Minogue Australia
92%
Kult Polska
92%
The Cranberries Irlandia
85%
Avril Lavigne Kanada
85%
Edith Piaf Francja
69%
Modern Talking Niemcy
69%
Bon Jovi Stany Zjednoczone
69%
Rihanna Barbados
62%
Los Del Rio Hiszpania
62%
Carlos Santana Meksyk
62%
Roxette Szwecja
62%
BTS Korea Południowa
54%
Dido Wielka Brytania
54%
Eiffel 65 Włochy
54%
Vangelis Grecja
38%
Serj Tankian Armenia
31%
Sia Australia
31%
Sepultura Brazylia
31%
Nightwish Finlandia
23%
Sean Paul Jamajka
23%
Gloria Estefan Kuba
23%
Nicki Minaj Trynidad i Tobago
23%
Kaleo Islandia
15%
Babymetal Japonia
15%
Locomotiv GT Węgry
15%
Baltimora Włochy
15%
Shocking Blue Holandia
8%
Dave Matthews Republika Południowej Afryki
8%
Nie znaleziono quizów pasujących do podanych kryteriów
Rozkład punktacji
Procent ludzi z każdym wynikiem
Percentyl według liczby udzielonych odpowiedzi
Twoja historia wyników
Nie rozwiązałeś tego quizu